| 000 | 00957nam a2200313Ia 4500 | ||
|---|---|---|---|
| 003 | AR-RoIUNI | ||
| 005 | 20210323081338.0 | ||
| 007 | ta | ||
| 008 | 150616s2001 ag r 000 0 spa d | ||
| 020 | _a9789504002406 | ||
| 040 |
_cIUNIR _bSpa _eAnglo |
||
| 080 | _a821.14 | ||
| 100 | 0 |
_aSófocles. _989 |
|
| 245 | 1 | 0 |
_aÁyax ; _bLas Traquinias ; Antígona ; Edipo Rey / _cSófocles ; introducción, traducción y notas de José Ma. Lucas de Dios. |
| 250 | _a2a. ed. | ||
| 260 |
_aBuenos Aires : _bAlianza, _c2001. |
||
| 300 |
_a317 p. ; _c18 cm |
||
| 490 | 0 |
_aEl libro de bolsillo. Clásicos de Grecia y Roma ; _v8214 |
|
| 505 | 0 | _aÁyax -- Las Traquinias -- Antígona -- Edipo Rey. | |
| 650 | 4 |
_aPSICOLOGÍA _9108 |
|
| 650 | 4 |
_aFÍLOSOFÍA _977 |
|
| 650 | 4 | _aLITERATURA GRIEGA | |
| 700 | 1 | _aLucas de Dios, José María. | |
| 740 | 2 | _aÁyax. | |
| 740 | 2 | _aLas Traquinias. | |
| 740 | 2 | _aAntígona. | |
| 740 | 2 | _aEdipo Rey. | |
| 942 |
_cBK _2cdu |
||
| 999 |
_c1878 _d1878 |
||